| LDR | | 00000nmm u2200205 4500 |
| 001 | | 000000333231 |
| 005 | | 20250109134153 |
| 008 | | 181129s2018 ||| | | | eng d |
| 020 | |
▼a 9780438089174 |
| 035 | |
▼a (MiAaPQ)AAI10814780 |
| 035 | |
▼a (MiAaPQ)ucsd:17402 |
| 040 | |
▼a MiAaPQ
▼c MiAaPQ
▼d 248032 |
| 049 | 1 |
▼f DP |
| 082 | 0 |
▼a 616 |
| 100 | 1 |
▼a Keller, Jason A. |
| 245 | 10 |
▼a Brainstem Control of Voluntary Urination. |
| 260 | |
▼a [S.l.] :
▼b University of California, San Diego.,
▼c 2018 |
| 260 | 1 |
▼a Ann Arbor :
▼b ProQuest Dissertations & Theses,
▼c 2018 |
| 300 | |
▼a 107 p. |
| 500 | |
▼a Source: Dissertation Abstracts International, Volume: 79-11(E), Section: B. |
| 500 | |
▼a Includes supplementary digital materials. |
| 500 | |
▼a Adviser: Lisa Stowers. |
| 502 | 1 |
▼a Thesis (Ph.D.)--University of California, San Diego, 2018. |
| 520 | |
▼a Scent marking behavior in male mice can simultaneously address two important gaps in neuroscience: (1) the need for a simple and ethologically relevant output to make sense of the neural activity driving it, and (2) the need for better models of |
| 590 | |
▼a School code: 0033. |
| 650 | 4 |
▼a Neurosciences. |
| 690 | |
▼a 0317 |
| 710 | 20 |
▼a University of California, San Diego.
▼b Neurosciences with a Specialization in Computational Neurosciences. |
| 773 | 0 |
▼t Dissertation Abstracts International
▼g 79-11B(E). |
| 773 | |
▼t Dissertation Abstract International |
| 790 | |
▼a 0033 |
| 791 | |
▼a Ph.D. |
| 792 | |
▼a 2018 |
| 793 | |
▼a English |
| 856 | 40 |
▼u http://www.riss.kr/pdu/ddodLink.do?id=T14998140
▼n KERIS |
| 980 | |
▼a 201812
▼f 2019 |
| 990 | |
▼a 관리자
▼b 관리자 |